=LDR 00000nam 2200000 4500 =001 000406 =005 20250710032823 =035 ##$$a 0010-0725000268 =007 ta =008 250710################a##########0#ind## =020 ##$$a 978-623-307-212-0 =082 ##$$a 398.209 598 =084 ##$$a 398.209 598 KUS a =100 #$$a Wulanita kuswotanti =245 1#$$a Adik kecil dan kucing /$c Wulanita kuswotanti =250 ##$$a Cetakan Pertama =260 ##$$a Rawamangun :$b Badan Pengembangan dan Pembinaan Bahasa,$c 2022 =300 ##$$a 24 hlm. : $b Ilus. ; $c 29,7 cm. =650 #4$$a Cerita Anak - Indonesia =650 #4$$a Literasi - Bahan bacaan =856 ##$$a TBM AS SUHADA =990 ##$$a TBM01290129